000 01173cam a22001934a 4500
005 20250605164242.0
008 250528s ||||||||||||||||||||||||d
035 _a21362
020 _a9781412921688
040 _aGR-AtMCL
_bgre
_dGR-AtMCL
_eAACR2
245 1 _aSkills in Cognitive Behaviour Counselling and Psychotherapy
260 _bSage,
_c2010
300 _a184
520 _aA practical guide to the core techniques used when working with clients in a range of therapeutic settings. Foreword, Introduction, Cognitive Behavior Skills and Their Underpinning Knowledge Base, Assessment and Formulation and Beginning CBT, Using Interpersonal Skills in CBT, Skills for Working with Negative Thoughts, Skills for Working on Changing Behavior, Skills for Working with Emotions in CBT, Skills for Working with Enduring Negative Patterns, Developing CBT: A Perspective of Engagement and Life-Long Learning, Appendices, Guide to the Website Accompanying this Biik, Resources for CBT Measures, Other Cognitive Methods Using Cost-Benefit Analysis and Pie Charts, References, Index.
700 1 _aWills Frank
_97418
942 _cBK
999 _c6427
_d6427